书目信息 |
| 题名: |
马克思恩格斯著作目录和马克思主义参考书目
|
|
| 作者: | 尤班克斯 编 ;叶林 , 熊道光 译 | |
| 分册: | ||
| 出版信息: | 北京 书目文献出版社 1987.7 |
|
| 页数: | 446页 | |
| 开本: | 20cm | |
| 丛书名: | ||
| 单 册: | ||
| 中图分类: | A813 | |
| 科图分类: | ||
| 主题词: | 马恩著作--图书目录 | |
| 电子资源: | ||
| ISBN: | ||
| 000 | 00810nam0 2200241 45 | |
| 001 | 0404231164 | |
| 005 | 20050317170222.1 | |
| 010 | @dCNY3.35 | |
| 091 | @a17201.100 | |
| 100 | @a20040423d1987 km y0chiy0120 ea | |
| 101 | 0 | @achi |
| 105 | @a z 000yy | |
| 200 | 1 | @a马克思恩格斯著作目录和马克思主义参考书目@AMa Ke Si En Ge Si Zhu Zuo MuLu He Ma Ke Si Zhu Yi Can Kao Shu Mu@e英汉对照@EYing Han Dui Zhao@f(美)C·L·尤班克斯编@F(Mei)C·L·You Ban Ke Si Bian@g叶林,熊道光等译 |
| 210 | @a北京@c书目文献出版社@d1987.7 | |
| 215 | @a446页@d20cm | |
| 517 | @a英汉对照@AYing Han Dui Zhao | |
| 606 | 0 | @a马恩著作@x图书目录 |
| 690 | @aA813@v3 | |
| 701 | 0 | @a尤班克斯@4编 |
| 702 | 0 | @a叶林@AYe Lin@4译 |
| 702 | 0 | @a熊道光@AXiong Dao Guang@4译 |
| 801 | @aCN@bPftUser@c20040423 | |
| 905 | @dA813@e101@f1@b200674 | |
| 马克思恩格斯著作目录和马克思主义参考书目:英汉对照/(美)C·L·尤班克斯编/叶林,熊道光等译.-北京:书目文献出版社,1987.7 |
| 446页;20cm |
| ISBN :CNY3.35 |
| ● |
| 相关链接 |
|
|
|
|
正题名:马克思恩格斯著作目录和马克思主义参考书目
索取号:A813/101
 
预约/预借
| 序号 | 登录号 | 条形码 | 馆藏地/架位号 | 状态 | 备注 |
| 1 | 0200671 | 000958716 | 第一借阅区/ [索取号:A813/101] | 在馆 | |
| 2 | 0200672 | 000958752 | 第一借阅区/ [索取号:A813/101] | 在馆 | |
| 3 | 0200673 | 001865039 | 密集书库/ [索取号:A813/101] | 在馆 | |
| 4 | 0200674 | 001981555 | 第一样本阅览室/ [索取号:A813/101] | 在馆 | |
| 5 | 0200675 | 001865075 | 密集书库/ [索取号:A813/101] | 在馆 |